Инжиниринг труда: проектирование трудовых процессов и систем Учебное пособие
Первое учебное пособие по инжинирингу труда. Рассматриваются методы и средства создания моделей трудовых процессов и проектирования трудовых систем на основе процессного подхода и современных информационно-коммуникационных технологий. Методология предусматривает комплексный подход объединяющий совре...
Wedi'i Gadw mewn:
| Prif Awdur: | |
|---|---|
| Fformat: | Учебное пособие |
| Rhifyn: | 1 |
| Cyfres: | Высшее образование: Бакалавриат |
| Mynediad Ar-lein: | https://znanium.com/catalog/document?id=339244 https://znanium.com/cover/1015/1015853.jpg |
| Tagiau: |
Ychwanegu Tag
Dim Tagiau, Byddwch y cyntaf i dagio'r cofnod hwn!
|
| LEADER | 03552nam0a2200385 i 4500 | ||
|---|---|---|---|
| 001 | RU\infra-m\znanium\bibl\1015853 | ||
| 003 | https://znanium.com/catalog/document?id=339244 | ||
| 005 | 20230914000000.0 | ||
| 010 | |a 978-5-9558-0536-8 | ||
| 010 | |a 978-5-16-102281-8 |b электр. издание | ||
| 010 | |a 978-5-16-012379-0 |b ISBN соиздателя | ||
| 100 | |a 20230914d2019 m y0rusy0150 ca | ||
| 101 | 0 | |a rus | |
| 102 | |a RU | ||
| 200 | 1 | |a Инжиниринг труда: проектирование трудовых процессов и систем |e Учебное пособие |f Научно-исследовательский институт труда и социального развития | |
| 205 | |a 1 | ||
| 210 | 1 | |a Москва |c Вузовский учебник |d 2019 | |
| 215 | |a 236 с. | ||
| 225 | 1 | |a Высшее образование: Бакалавриат | |
| 330 | |a Первое учебное пособие по инжинирингу труда. Рассматриваются методы и средства создания моделей трудовых процессов и проектирования трудовых систем на основе процессного подхода и современных информационно-коммуникационных технологий. Методология предусматривает комплексный подход объединяющий современные инструментарии зарубежных и отечественных школ в области проектирования трудовых процессов. Определяются концепция инжиниринга труда и перспективы развития основных его направлений. Для студентов обучающихся по направлению «Управление персоналом» «Экономика» и другим экономическим и техническим направлениям подготовки изучающих вопросы моделирования и исполнения трудовых процессов а также специалистов промышленного инжиниринга эргономистов инженеров по организации труда специалистов кадровых служб слушателей курсов аспирантов преподавателей. | ||
| 333 | |a ВО - Бакалавриат | ||
| 606 | |a Управление (менеджмент) |x Основы управления персоналом |2 local | ||
| 608 | |a Учебное пособие |2 local | ||
| 675 | |a 331(075.8) |z rus | ||
| 686 | |a 65.23я73 |2 rubbk | ||
| 686 | |a 38.03.01 |2 okso | ||
| 686 | |a 38.03.03 |2 okso | ||
| 686 | |a 38.04.01 |2 okso | ||
| 686 | |a 38.04.03 |2 okso | ||
| 686 | |a 39.04.01 |2 okso | ||
| 686 | |a 41.03.06 |2 okso | ||
| 700 | 1 | |a Савельева |b Е.А. |g Екатерина Андреевна |p Научно-исследовательский институт труда и социального развития | |
| 801 | 0 | |a RU |b Общество с ограниченной ответственностью «ЗНАНИУМ» |c 20190111 |2 rusmarc | |
| 856 | 4 | |a znanium.com |m ebs_support@infra-m.ru |n НИЦ ИНФРА-М |u https://znanium.com/catalog/document?id=339244 | |
| 856 | 4 | 1 | |a znanium.com |d /cover/1015 |f 1015853.jpg |q image/jpeg |u https://znanium.com/cover/1015/1015853.jpg |